All CS:GO/CS2 players who was in showmatch at major - Statistics

General Stats
  • This quiz has been taken 4 times
  • The average score is 86 of 156
Answer Stats
Team/Agency Country Player % Correct
G2 Esports France apEX
100%
Dignitas Sweden f0rest
100%
Imperial Esports Brazil FalleN
100%
Imperial Esports Brazil fer
100%
AGO Esports Poland Furlan
100%
Ninjas in Pyjamas Sweden GeT_RiGhT
100%
Dignitas Sweden GeT_RiGhT
100%
- Sweden GeT_RiGhT
100%
- Sweden GeT_RiGhT
100%
AGO Esports Poland GruBy
100%
Team Liquid United States Hiko
100%
Izako Boars Poland izak
100%
Copenhagen Flames Denmark jabbi
100%
Copenhagen Flames Denmark jabbi
100%
Vox Eminor Australia jks
100%
Natus Vincere Lithuania jL
100%
FaZe Clan Denmark karrigan
100%
Recursive eSports France kennyS
100%
Team EnVyUs France kennyS
100%
Team EnVyUs France kennyS
100%
G2 Esports France kennyS
100%
Team Falcons France kennyS
100%
FaZe Clan Sweden Maikelele
100%
- United States n0thing
100%
mousesports Bosnia and Herzegowina NiKo
100%
FaZe Clan Sweden olofmeister
100%
FaZe Clan Sweden olofmeister
100%
FaZe Clan Sweden olofmeister
100%
Universal Soldiers Poland pashaBiceps
100%
- Poland pashaBiceps
100%
FaZe Clan Norway rain
100%
FaZe Clan Norway rain
100%
Dignitas Female Canada rain
100%
Bad News Eagles Switzerland rigoN
100%
Team Liquid Ukraine s1mple
100%
Natus Vincere Ukraine s1mple
100%
Natus Vincere Ukraine s1mple
100%
BC.Game Ukraine s1mple
100%
iBUYPOWER United States Skadoodle
100%
Cloud9 United States Skadoodle
100%
- United States Skadoodle
100%
BIG United Kingdom smooya
100%
- United Kingdom smooya
100%
ENCE Israel Spinx
100%
00 Nation Brazil TACO
100%
- Brazil TACO
100%
Universal Soldiers Poland TaZ
100%
Virtus.pro Latvia YEKINDAR
100%
Outsiders Latvia YEKINDAR
100%
pro100 Ukraine Zeus
100%
SkyFury Ukraine Zeus
100%
Team Falcons France bodyy
67%
Quantum Bellator Fire Russia Boombl4
67%
Team Liquid Denmark cadiaN
67%
Rare Atom China ChildKing
67%
MOUZ NXT Denmark Chr1zN
67%
00 Nation Brazil coldzera
67%
Into The Breach United Kingdom CYPHER
67%
Astana Dragons Russia Dosia
67%
FaZe Clan United States EliGE
67%
Ninjas in Pyjamas Denmark es3tag
67%
Dignitas Sweden Fifflaren
67%
Imperial Esports Brazil fnx
67%
Dignitas Sweden friberg
67%
Streamer Brazil gAuLeS
67%
- Brazil gAuLeS
67%
Bogan bashers New Zealand Gratisfaction
67%
- United Kingdom HenryG
67%
- United Kingdom HenryG
67%
Bogan bashers United Kingdom HenryG
67%
Team Secret Sweden juliano
67%
- Poland MICHU
67%
crazy canucks Canada NAF
67%
Streamer Germany ohnePixel
67%
Team Spirit Russia Patsi
67%
residentsleeper Denmark Pimp
67%
Heroic Denmark refrezh
67%
- France RpK
67%
- France shox
67%
Cloud9 Canada shroud
67%
ENCE Denmark Snappi
67%
Natus Vincere Ukraine starix
67%
tropic thunder United States Stewie2K
67%
Apeks Slovakia STYKO
67%
Counter Logic Gaming United States tarik
67%
Heroic Denmark TeSeS
67%
against All authority France ZywOo
67%
iBUYPOWER United States anger
33%
Mythic United States Austin
33%
- Brazil bt0
33%
Streamer Germany dona
33%
Streamer Ukraine Evelone192
33%
Streamer Ukraine Evelone192
33%
Counter-Strike Creator Canada Gooseman
33%
Complexity United States Grim
33%
Copenhagen Flames Denmark HooXi
33%
- France JACKZ
33%
- France JACKZ
33%
Faceit United Kingdom James
33%
Quantum Bellator Fire Russia jmqa
33%
- Denmark Kjaerbye
33%
Clan-Mysik France KQLY
33%
Astana Dragons Ukraine markeloff
33%
Copenhagen Flames Denmark nicoodoz
33%
Copenhagen Flames Denmark nicoodoz
33%
ECSTATIC Denmark salazar
33%
Dignitas Female United States sapphiRe
33%
Dignitas Female United States sapphiRe
33%
Once Misfits United States seang@res
33%
compLexity Gaming United States ShahZaM
33%
Rare Atom China somebody
33%
mousesports Germany Spiidi
33%
- Australia SPUNJ
33%
Vox Eminor Australia SPUNJ
33%
Rare Atom China Summer
33%
- Sweden THREAT
33%
Once Misfits Canada Twistzz
33%
Room On Fire Serbia YNk
33%
Room On Fire Serbia YNk
33%
Copenhagen Flames Denmark Zyphon
33%
Preasy Esports Denmark Altekz
0%
- Germany aNtrex
0%
Dignitas Female Canada CAth
0%
Faceit United Kingdom ddk
0%
Faceit United Kingdom ddk
0%
Faceit United Kingdom ddk
0%
SK Gaming Sweden Delpan
0%
Faceit United Kingdom JZFB
0%
Faceit United Kingdom JZFB
0%
Faceit United Kingdom JZFB
0%
ECSTATIC Denmark kraghen
0%
- Germany KrowNii
0%
- Brazil Liminha
0%
- China MachineWJQ
0%
- United Kingdom Mantrousse
0%
- Brazil mch
0%
Counter Logic Gaming Red Canada missharvey
0%
Room On Fire United States moses
0%
Room On Fire United States moses
0%
Room On Fire United States moses
0%
Room On Fire Finland natu
0%
ECSTATIC Denmark Nodios
0%
ECSTATIC Denmark Patti
0%
- United States Prius
0%
- United States Prius
0%
ECSTATIC Denmark Queenix
0%
Copenhagen Flames Denmark roeJ
0%
residentsleeper United Kingdom Rushly
0%
- Canada Sadokist
0%
crazy canucks Canada Sadokist
0%
Streamer Russia shadowkek
0%
- United Kingdom Sliggy
0%
tropic thunder United States stunna
0%
Sashi Academy Denmark Sukker
0%
Team Spirit Ukraine Yatoro
0%
- China Zhou Guanyu
0%
No matching quizzes found
Score Distribution
Percent of People with Each Score
Percentile by Number Answered
Your Score History
You have not taken this quiz